000 00829nam a2200277 i 4500
001 bg
100 1 _aJennings, Simon.
245 1 0 _aCzęści ciała :
_bpraktyczny podręcznik rysowania postaci ludzkiej /
_cSimon Jennings ; [Tł. Ewa Gorządek].
246 1 _iTyt. oryg.:
_aBody parts
260 _aWarszawa :
_bWydawnictwo Arkady,
_c2008.
300 _a223 s. :
_bil. (w tym kolor.) ;
_c19 cm.
504 _aIndeks.
650 9 _aMalarstwo (szt.plast.)
650 9 _aRysunek
655 _aPoradniki
700 1 _aGrządek, Ewa.
_eTł.
020 _a9788321345604
040 _cBPK
041 _apol
044 _aPOL
080 _a743(084.1)
920 _a978-83-213-4560-4
942 _cKS
008 s pl f |000 0 pol
999 _c55881
_d55881
856 _uhttp://koha.tu.koszalin.pl/cgi-bin/koha/opac-detail.pl?biblionumber=55881
_yKatalog online BPK